| 000 | 00642nam a22002057a 4500 | ||
|---|---|---|---|
| 999 |
_c15140 _d15140 |
||
| 003 | AR-CdUCM | ||
| 008 | 190424b ||||| |||| 00| 0 spa d | ||
| 020 | _a978-607-404-762-2 | ||
| 040 |
_aMUNICIPALIDAD PROVINCIAL DEL CUSCO _cBIBLIOTECA MUNICIPAL DEL CUSCO |
||
| 082 |
_aPI / 590 / _bS55 |
||
| 110 |
_aSilver Dolphin _933031 |
||
| 245 | _aPrimates poderosos / | ||
| 260 |
_aNasville : _bAdvance Marketing. _bSilver Dolphin _c2012. |
||
| 300 |
_bIlustraciones, _c30 cm. |
||
| 500 | _aTextos educativos para niƱos | ||
| 650 |
_aTextos infantiles _933764 |
||
| 650 |
_aPrimates _933778 |
||
| 942 |
_2ddc _cLIBROS |
||
| 945 |
_apjha _d2019-04-25 |
||